000 00485nam a2200181 a 4500
001 0450
005 20140414131927.0
008 040116s19uu xx 00 eng d
020 _a983-148-997-7
050 _aER
_bP65 2002
245 _aPinocchio /
_cedited by Bob Williams.
260 _aMalaysia :
_bKohwai and Young,
_c2002.
300 _a16 p. : ill. ; cm.
440 _aFavourite fairy tales series
650 _aFolk tales.
650 _aChildren stories.
999 _c112049
_d112049